| 000 | 46129nas1a22047411 4500 | ||
|---|---|---|---|
| 001 | RU\NLR\INFOCOMM31\1000044695 | ||
| 005 | 20250807185311.0 | ||
| 035 | _a(NLR Aleph) 002515940 | ||
| 090 |
_a903 _c903 |
||
| 100 | _a20040414c1935 u y0rusy50 ca | ||
| 101 | 0 | _arus | |
| 102 | _aRU | ||
| 110 | _azyu||||0|y0 | ||
| 200 | 1 |
_aУченые записки _fНаркомпрос РСФСР. Гос. педагогич. ин-т им. А.И. Герцена и Гос. ин-т науч. педагогики (ГИНП) |
|
| 210 |
_aЛ. _d1935- |
||
| 300 | _aС 1972 г. выходит ненум. выпусками. Описания см. в каталоге книг под заглавием каждого выпуска | ||
| 300 | _aТ.33, 42, 97-99, 185 - 187, 213 не были изданы | ||
| 311 | _aВ 1958 влилось: Ученые записки/Ленингр. гос. пед. ин-т (ш.: П28/425) | ||
| 430 | 1 | _12001#$aУченые записки Ленинградского государственного педагогического института имени А.И. Герцена | |
| 434 | 1 |
_12001#$aУченые записки$fЛенингр. гос. пед. ин-т _1852##$aNLR$jП28/425 |
|
| 710 | 0 | 2 |
_aЛенинградский педагогический институт им. А. И. Герцена _3RU\NLR\AUTH\889929135 _4070 |
| 801 | 2 |
_aRU _bNLR _c20090209 _2rusmarc |
|
| 801 | 1 |
_aRU _bInfoComm _c20040414 |
|
| 801 | 0 |
_aRU _bNLR _gPSBO |
|
| 852 |
_aNLR _jП7/103 |
||
| 852 |
_aNLR _jМБР-IV-88 _yтакже № 381 |
||
| 942 | _cSE | ||
| 945 | _aРоссийская национальная библиотека | ||
| 980 | _aBV | ||